000 00682nam a22002297a 4500
005 20170124110043.0
010 _a903255
020 _c35.00
035 _a903255
037 _bCen Lib/Ret
040 _aDPL
_bEN
082 _a812.08
_bBHA
100 _aGera, Vimla
_924023
245 _aMind and art of Bhavabhūti /
_cby Vimla Gera
260 _aDelhi
_bMeharchand Lachhmandas
_c1973
270 _bDelhi
_aDarya Ganj
_e110002
300 _axvi,292p.
_c20cm(Hb)
500 _aIncludes bibliographical references and index
650 _aBhavabhūti, -- active 8th century
_924024
650 _aEnglish literature
_9102195
942 _2ddc
_cEN
_h812.08
_mBHA
999 _c128648
_d128648